• 首页
  • 本馆介绍
  • 公告通知
  • 最新文献
  • 馆藏检索
  • 电子资源
  • 读者导购
  • 参考咨询
  • 我的图书馆
  • 登录
  • 详细信息显示
  • 放入我的书架
  • 预约/预借图书
  • 作者相关作品
  • 分类相关作品
  • 丛书相关作品
  • 出版社相关作品

书目信息

  • 表格格式
  • 工作单格式
  • 卡片格式
题名:
学生特质评价及培养模式研究
    
 
作者: 郑予捷 著
分册:  
出版信息: 北京   中国书籍出版社  2015
页数: 255页
开本: 24cm
丛书名:
单 册:
中图分类: G718.5
科图分类:
主题词: 高等职业教育--学生--教育评估--研究--中国 , 高等职业教育--学生--培养模式--研究--中国
电子资源:
ISBN: 978-7-5068-4869-5
000 00969nam0 2200241 450
001 012015000166
005 20151210163242.79
010    @a978-7-5068-4869-5@b精装@dCNY68.00
100    @a20150920d2015 em y0chiy50 ea
101 0  @achi
102    @aCN@b110000
105    @ay z 000yy
106    @ar
200 1  @a学生特质评价及培养模式研究@Axue sheng te zhi ping jia ji pei yang mo shi yan jiu@e以新常态下的需求导向为视角@f郑予捷著
210    @a北京@c中国书籍出版社@d2015
215    @a255页@d24cm
330    @a本书内容主要是对创新高职学生特质评价及培养模式的初步探索,以高等职业教育与市场需求相结合发展作为重要切入点,从以需求导向的高职学生特质培养为理念,理论与实证相结合,提出了高职学生特质评价和特质培养的理论与方法。
606 0  @a高等职业教育@x学生@x教育评估@x研究@y中国
606 0  @a高等职业教育@x学生@x培养模式@x研究@y中国
690    @aG718.5@v5
701  0 @a郑予捷@Azheng yu jie@4著
801  0 @aCN@b碧洲教育@c20151129
905    @a10447@f3@dG718.5@e30
    
    学生特质评价及培养模式研究:以新常态下的需求导向为视角/郑予捷著.-北京:中国书籍出版社,2015
    255页;24cm
    
    
    ISBN 978-7-5068-4869-5(精装):CNY68.00
    本书内容主要是对创新高职学生特质评价及培养模式的初步探索,以高等职业教育与市场需求相结合发展作为重要切入点,从以需求导向的高职学生特质培养为理念,理论与实证相结合,提出了高职学生特质评价和特质培养的理论与方法。
●
相关链接 在E读中查询图书 在五车中查询图书 在当当中查询图书 在豆瓣中查询图书


正题名:学生特质评价及培养模式研究     索取号:G718.5/30         预约/预借

序号 登录号 条形码 馆藏地/架位号 状态 备注
1 0871949   208719494   第一样本阅览室/ [索取号:G718.5/30] 在馆    
2 0871950   208719500   教育系资料室/ [索取号:G718.5/30] 在馆    
3 0871951   208719519   教育系资料室/ [索取号:G718.5/30] 在馆    
欢迎您!
大连网信软件有限公司© 版权所有